12->Katowice Sądowa - Statystyki

Ogólne statystyki
  • Ten quiz został rozwiązany 32 razy
  • Średni wynik to 11 z 17
Statystyki odpowiedzi
Miasto Przystanek % Poprawnych
Katowice Katowice Dworzec
92%
Katowice Katowice Mikołowska
88%
Katowice Katowice AWF
83%
Katowice Katowice Sądowa
83%
Katowice Brynów Wincentego Pola
71%
Katowice Ligota Akademiki
67%
Katowice Ligota Panewnicka
67%
Katowice Stara Ligota Załęska
67%
Katowice Katowice Plac Miarki
63%
Katowice Stara Ligota Stroma
63%
Katowice Brynów Kopalnia Wujek
58%
Katowice Ligota Ośrodek Zdrowia
58%
Katowice Katowice Kopernika Dworzec
54%
Katowice Ligota Bronisławy
50%
Katowice Ligota Medyków
46%
Katowice Ligota Szpital
46%
Katowice Ligota Wileńska
29%
Nie znaleziono quizów pasujących do podanych kryteriów
Rozkład punktacji
Procent ludzi z każdym wynikiem
Percentyl według liczby udzielonych odpowiedzi
Twoja historia wyników
Nie rozwiązałeś tego quizu